| Tag |
First Indicator |
Second Indicator |
Subfields |
| LEADER |
00000cam a2200000Ma 4500 |
| 001 |
in00003553262 |
| 006 |
m o d |
| 007 |
cr nn||||||||| |
| 008 |
121227s2002 gw a o 000 0 eng d |
| 005 |
20260422203404.7 |
| 020 |
|
|
|a 9783540460060 (electronic bk.)
|
| 020 |
|
|
|a 3540460063 (electronic bk.)
|
| 020 |
|
|
|z 3540460063
|
| 035 |
|
|
|a (OCoLC)840291463
|
| 040 |
|
|
|a I9W
|b eng
|e pn
|c I9W
|d OCLCO
|d UV0
|d OCLCO
|d GW5XE
|d OCLCQ
|d OCLCF
|d UtOrBLW
|
| 049 |
|
|
|a TXAM
|
| 050 |
|
4 |
|a QH491
|
| 082 |
0 |
4 |
|a 571.8
|2 23
|
| 100 |
1 |
|
|a Hohmann, Christine.
|
| 245 |
1 |
0 |
|a Cortical Development :
|b From Specification to Differentiation /
|c edited by Christine Hohmann.
|
| 264 |
|
1 |
|a Berlin, Heidelberg :
|b Springer Berlin Heidelberg :
|b Imprint :
|b Springer,
|c 2002.
|
| 300 |
|
|
|a 1 online resource (XIV, 181 pages 28 illustrations, 5 in color.)
|
| 336 |
|
|
|a text
|b txt
|2 rdacontent
|
| 337 |
|
|
|a computer
|b c
|2 rdamedia
|
| 338 |
|
|
|a online resource
|b cr
|2 rdacarrier
|
| 490 |
1 |
|
|a Results and Problems in Cell Differentiation, 0080-1844 ;
|v 39
|
| 505 |
0 |
|
|a Population Dynamics During Cell Proliferation and Neuronogenesis in the Developing Murine Neocortex -- Mechanisms Regulating Lineage Diversity During Mammalian Cerebral Cortical Neurogenesis and Gliogenesis -- Gap Junctions and Their Implications for Neurogenesis and Maturation of Synaptic Circuitry in the Developing Neocortex -- Influence of Radial Glia and Cajal-Retzius Cells in Neuronal Migration -- Neurotrophins and Cortical Development -- Role of Immediate Early Gene Expression in Cortical Morphogenesis and Plasticity -- Role of Afferent Activity in the Development of Cortical Specification -- Regional Forebrain Patterning and Neural Subtype Specification: Implications for Cerebral Cortical Functional Connectivity and the Pathogenesis.
|
| 520 |
|
|
|a The cerebral neocortex, a structure unique to the mammalian brain and prerequisite for higher cognitive functions, has since decades attracted the curiosity of neurobiologists and developmental biologists alike. This volume gives a comprehensive and up-to-date overview of early cortical development. It provides concise information on the birth, specification, migration and terminal differentiation of neocortical cells. Both the cellular and molecular events leading to the establishment of a functional neocortex are presented in considerable detail, and possible implications for neurodegenerative diseases are discussed.
|
| 500 |
|
|
|a Electronic resource.
|
| 650 |
|
0 |
|a Life sciences.
|
| 650 |
|
0 |
|a Cytology.
|
| 650 |
|
0 |
|a Developmental biology.
|
| 650 |
|
0 |
|a Neurobiology.
|
| 650 |
|
7 |
|a Cytology.
|2 fast
|0 (OCoLC)fst00886282
|
| 650 |
|
7 |
|a Developmental biology.
|2 fast
|0 (OCoLC)fst00891773
|
| 650 |
|
7 |
|a Life sciences.
|2 fast
|0 (OCoLC)fst00998323
|
| 650 |
|
7 |
|a Neurobiology.
|2 fast
|0 (OCoLC)fst01036315
|
| 655 |
|
7 |
|a Electronic books.
|2 local
|
| 710 |
2 |
|
|a SpringerLink (Online service)
|
| 830 |
|
0 |
|a Results and problems in cell differentiation ;
|v 39.
|
| 856 |
4 |
0 |
|u http://proxy.library.tamu.edu/login?url=https://link.springer.com/10.1007/978-3-540-46006-0
|z Connect to the full text of this electronic book
|t 0
|
| 994 |
|
|
|a 92
|b TXA
|
| 999 |
|
|
|a MARS
|
| 999 |
f |
f |
|s 3629db57-ba48-3b57-9447-58f1ceca3371
|i 9e8aed12-f460-35ff-81c6-e3767d117112
|t 0
|
| 952 |
f |
f |
|a Texas A&M University
|b College Station
|c Electronic Resources
|s www_evans
|d Available Online
|t 0
|e QH491
|h Library of Congress classification
|
| 998 |
f |
f |
|a QH491
|t 0
|l Available Online
|